江南江北(唐詩)
| 資料類型: | 圖書 | 書目號: | 40419 |
Leader xxxxxxxxxx 001 __ PCLIS00040419 005 __ 20090330142946.46 010 0_ |a957-|b平裝|dNT$90 020 __ |acw|b82005151 100 __ |a20090330d2009 0chib0109 e 101 0_ |achi 102 __ |acw 105 __ |aa z 000yy 200 1_ |a江南江北(唐詩)|e|f張夢機等撰文|g 205 __ |a初版 210 __ |a臺北市|c時報文化|d民77年 215 0_ |a面|c圖, 表|d公分 225 1_ |a|v 300 __ |a 681 __ |a820.7|b 700 __ |a張夢機等|b|4撰文 702 _1 |a|b|4 801 __ |acw|b本館|c20090330 |